000
00257nam a2200097Ia 4500
008
231107s1904 xx 000 0 und d
041
_a
eng
100
_a
Henry Mcgoodwin
245
_a
Architectural Shades & Shadows
260
_a
Boston
_b
Bates & Guild Co.
_c
1904
999
_c
924142
_d
924142